Biobased lubricants and greases (Record no. 119738)
[ view plain ]
| 000 -LEADER | |
|---|---|
| fixed length control field | 01518nam a2200421Ia 4500 |
| 082 04 - DEWEY DECIMAL CLASSIFICATION NUMBER | |
| Classification number | 665.5/385 |
| 100 1# - MAIN ENTRY--AUTHOR NAME | |
| Personal name | Honary, Lou A. T. |
| 245 10 - TITLE STATEMENT | |
| Title | Biobased lubricants and greases |
| 260 ## - PUBLICATION, DISTRIBUTION, ETC. (IMPRINT) | |
| Place of publication | Hoboken, NJ : |
| Name of publisher | Wiley, |
| Year of publication | 2011. |
| 300 ## - PHYSICAL DESCRIPTION | |
| Number of Pages | xii, 216 p. : |
| Other physical details | ill. (some col.). |
| 490 1# - SERIES STATEMENT | |
| Series statement | Tribology series |
| 650 #0 - SUBJECT ADDED ENTRY--TOPICAL TERM | |
| Topical Term | Vegetable oils as fuel. |
| Topical Term | Lubricating oils |
| Topical Term | Plant biotechnology. |
| Topical Term | Biomass energy. |
| 700 1# - ADDED ENTRY--PERSONAL NAME | |
| Personal name | Richter, Erwin William, |
| 856 40 - ELECTRONIC LOCATION AND ACCESS | |
| Uniform Resource Identifier | http://site.ebrary.com/lib/rucke/Doc?id=10510387 |
No items available.
